| 000 | 01502nam a2200253 a 4500 | ||
|---|---|---|---|
| 001 | 82960 | ||
| 003 | BD-RjUL | ||
| 005 | 20240205155217.0 | ||
| 008 | 240205s1995 bg ||||| m||| 00| 0 ben d | ||
| 035 | _a(BD-RjUL)82960 | ||
| 040 |
_aBD-RjUL _bben / eng _cBD-RjUL _dBD-RjUL |
||
| 041 | _aben | ||
| 082 |
_223 _a891.44092 _bKHN 1995 |
||
| 100 |
_aখানুম, মোছা. মাসুমা _911465 |
||
| 245 | 1 | 0 |
_aনজরুল সাহিত্যে নারী : _bপ্রাসঙ্গিক বিশ্লেষণ / _cগবেষক মোছা. মাসুমা খানুম ; _6তত্ত্বাবধায়ক : মুহম্মদ মজিরউদ্দীন মিয়া |
| 260 |
_aরাজশাহী : _bবাংলা বিভাগ, রাজশাহী বিশ্ববিদ্যালয়, _c১৯৯৫ |
||
| 300 |
_aiii, ২২৫ পাতা ; _c২৯ সেমি. |
||
| 502 | _aথিসিস (এম. ফিল.) -- বাংলা বিভাগ, রাজশাহী বিশ্ববিদ্যালয়, ১৯৯৫ | ||
| 504 | _aগ্রন্থপঞ্জি : পাতা [২১৯]-২২৫ | ||
| 650 |
_aবাংলা সাহিত্য _vইতিহাস ও সমালোচনা |
||
| 650 |
_aBengali literature _vHistory and Criticism |
||
| 700 |
_aমিয়া, মুহম্মদ মজিরউদ্দীন, তত্ত্বাবধায়ক _911466 |
||
| 942 |
_2ddc _cTHE |
||
| 999 |
_c82960 _d82960 |
||